[Event "CAN-op"]
[Site "Edmonton CAN"]
[Date "2000.07.14"]
[Round "8"]
[White "Chow, Vincent"]
[Black "Arseneau, Peter"]
[Result "1-0"]
[WhiteElo "2042"]
[BlackElo "1896"]
[PlyCount "100"]
[GameId "2160767911694906"]
[EventDate "2000.07.08"]
[EventType "swiss"]
[EventRounds "10"]
[EventCountry "CAN"]

1. d4 Nf6 2. c4 g6 3. Nc3 d5 4. cxd5 Nxd5 5. e4 Nxc3 6. bxc3 Bg7 7. Bc4 c5 8. Ne2 O-O 9. Be3 Nc6 10. h4 cxd4 11. cxd4 Qa5+ 12. Kf1 Qa3 13. Qd2 Rd8 14. Rd1 Ne5 15. Bd5 e6 16. Bb3 b6 17. Rh3 Bb7 18. Bg5 Bxe4 19. Bxd8 Rxd8 20. Bd5 Qxh3 21. gxh3 Rxd5 22. Nc3 Bd3+ 23. Kg2 Rxd4 24. Kg3 Bf6 25. h5 Bh4+ 26. Kg2 Be4+ 27. Nxe4 Rxd2 28. Rxd2 Kg7 29. hxg6 hxg6 30. Nd6 a6 31. Ne8+ Kf8 32. Nc7 Ke7 33. Nxa6 Nd7 34. Nb4 Bf6 35. Nc6+ Ke8 36. Na7 Be7 37. Nb5 Bc5 38. Nd6+ Bxd6 39. Rxd6 Ke7 40. Rc6 f5 41. h4 Kf7 42. f4 Nf6 43. Rxb6 Nd5 44. Rb7+ Kf6 45. Kf3 Nc3 46. Ra7 Nb5 47. Ra8 Nc7 48. Rf8+ Kg7 49. Rb8 Kf6 50. a4 e5 1-0

[Event "CAN-op"]
[Site "Edmonton CAN"]
[Date "2000.07.14"]
[Round "8"]
[White "Chranowski, Rick"]
[Black "Jiganchine, Roman"]
[Result "0-1"]
[WhiteElo "1882"]
[BlackElo "2199"]
[PlyCount "98"]
[GameId "2160767911694907"]
[EventDate "2000.07.08"]
[EventType "swiss"]
[EventRounds "10"]
[EventCountry "CAN"]

1. Nc3 d5 2. e4 Nf6 3. e5 Nfd7 4. f4 e6 5. Nf3 c5 6. Bb5 a6 7. Bxd7+ Bxd7 8. d3 Be7 9. O-O Nc6 10. Kh1 Qc7 11. Bd2 h6 12. a3 O-O-O 13. Ne2 f6 14. exf6 gxf6 15. c3 h5 16. b4 h4 17. h3 Rdg8 18. bxc5 Bxc5 19. d4 Be7 20. Be1 f5 21. Ne5 Nxe5 22. dxe5 Bb5 23. Rf3 Bxe2 24. Qxe2 Qc4 25. Qb2 Rh7 26. Rb1 Bd8 27. Bf2 Rhg7 28. Bd4 Qc6 29. Rf2 Rg3 30. Rc1 Qc4 31. Rb1 R8g7 32. Qb4 Qxb4 33. axb4 Rc7 34. Ra2 Rc4 35. Kg1 Kd7 36. b5 a5 37. b6 a4 38. Rba1 Kc6 39. Rxa4 Bxb6 40. Bxb6 Rxa4 41. Rxa4 Kxb6 42. c4 d4 43. Rb4+ Kc5 44. Rxb7 Kxc4 45. Rc7+ Kd3 46. Kf2 Ke4 47. Rc4 Rc3 48. Ra4 Rc2+ 49. Kf1 Ke3 0-1

[Event "CAN-op"]
[Site "Edmonton CAN"]
[Date "2000.07.14"]
[Round "8"]
[White "Daku, Zoltan"]
[Black "Lacroix, Peter"]
[Result "0-1"]
[WhiteElo "1717"]
[BlackElo "1423"]
[PlyCount "82"]
[GameId "2160767911694908"]
[EventDate "2000.07.08"]
[EventType "swiss"]
[EventRounds "10"]
[EventCountry "CAN"]

1. d4 Nf6 2. Nf3 d6 3. e3 g6 4. Bd3 Bg7 5. Nbd2 O-O 6. O-O Nbd7 7. Qe2 c5 8. c3 a6 9. Re1 b5 10. h3 Bb7 11. e4 Qc7 12. e5 Nd5 13. Nf1 cxd4 14. cxd4 Nb4 15. Bb1 Bxf3 16. Qxf3 dxe5 17. Bd2 Nc2 18. Rc1 Nxd4 19. Qxa8 Ne2+ 20. Kh1 Nxc1 21. Qxa6 Ne2 22. Qxb5 Nd4 23. Qa5 Qb7 24. Bd3 e4 25. Bc4 Qxb2 26. Re1 Ne5 27. Bb3 Nxb3 28. axb3 Nd3 29. Re2 Qxb3 30. Kg1 f5 31. Bg5 Bf6 32. Bxf6 Rxf6 33. Ra2 Qb6 34. Qd5+ Kg7 35. Ne3 Rd6 36. Qc4 Rc6 37. Qa4 Rc1+ 38. Kh2 Qd6+ 39. g3 f4 40. Nc4 fxg3+ 41. fxg3 Qd4 0-1

[Event "CAN-op"]
[Site "Edmonton CAN"]
[Date "2000.07.14"]
[Round "8"]
[White "Day, Jonathan"]
[Black "Strub, Michael"]
[Result "1-0"]
[WhiteElo "1836"]
[BlackElo "1579"]
[PlyCount "45"]
[GameId "2160767911694909"]
[EventDate "2000.07.08"]
[EventType "swiss"]
[EventRounds "10"]
[EventCountry "CAN"]

1. e4 e5 2. Nf3 Nf6 3. Nxe5 d6 4. Nf3 Nxe4 5. d4 d5 6. Bd3 Nc6 7. O-O Be7 8. c3 O-O 9. Qc2 f5 10. a3 Na5 11. Ne5 Be6 12. f3 Nd6 13. b3 b5 14. Re1 Bf6 15. Nd2 Re8 16. Nf1 g6 17. Rb1 a6 18. Bf4 g5 19. Bg3 h6 20. Bf2 Qe7 21. Ng3 f4 22. Nh5 Rac8 23. Bh7+ 1-0

[Event "CAN-op"]
[Site "Edmonton CAN"]
[Date "2000.07.14"]
[Round "8"]
[White "Dean, Tim"]
[Black "Neufahrt, Gerhard"]
[Result "0-1"]
[WhiteElo "1853"]
[BlackElo "2131"]
[PlyCount "46"]
[GameId "2160767911694910"]
[EventDate "2000.07.08"]
[EventType "swiss"]
[EventRounds "10"]
[EventCountry "CAN"]

1. e4 g6 2. d4 c6 3. Nc3 d5 4. e5 h5 5. f4 Nh6 6. Be3 Ng4 7. Qd2 Bf5 8. h3 Nxe3 9. Qxe3 Bxc2 10. e6 fxe6 11. Bd3 Bxd3 12. Qxd3 Rg8 13. Nf3 Na6 14. O-O Qd6 15. Ng5 Bh6 16. Rae1 Bxg5 17. fxg5 O-O-O 18. Re5 c5 19. Nb5 Qb6 20. dxc5 Nxc5 21. Rc1 Kb8 22. Qd4 Nd3 23. Rxe6 Qxd4+ 0-1

[Event "CAN-op"]
[Site "Edmonton CAN"]
[Date "2000.07.14"]
[Round "8"]
[White "Deane, Lloyd"]
[Black "Clark, Alan"]
[Result "1-0"]
[WhiteElo "1582"]
[BlackElo "2003"]
[PlyCount "135"]
[GameId "2160767911694911"]
[EventDate "2000.07.08"]
[EventType "swiss"]
[EventRounds "10"]
[EventCountry "CAN"]

1. b3 e5 2. Bb2 Nc6 3. e3 d5 4. Bb5 Bd6 5. f4 Qe7 6. Nf3 Bg4 7. O-O Nf6 8. fxe5 Bxe5 9. Bxe5 Bxf3 10. Qxf3 Qxe5 11. Nc3 O-O 12. Bxc6 bxc6 13. Qf4 Qd6 14. Qxd6 cxd6 15. Ne2 c5 16. Rf5 Rfe8 17. Nc3 Ne4 18. Nxd5 g6 19. Nf6+ Nxf6 20. Rxf6 Re6 21. Raf1 Rxf6 22. Rxf6 Rd8 23. Kf2 Kf8 24. g4 Ke7 25. g5 h6 26. h4 hxg5 27. hxg5 Rh8 28. Rf4 Rh2+ 29. Ke1 Rg2 30. Ra4 Rxg5 31. Rxa7+ Ke6 32. a4 Rg1+ 33. Ke2 Ra1 34. a5 Ra3 35. a6 g5 36. Ra8 Kf6 37. a7 g4 38. c3 Ra2 39. Rg8 Rxa7 40. Rxg4 Ke5 41. Kd3 d5 42. Kc2 f5 43. Rg2 Ke4 44. Rf2 Rc7 45. Rf4+ Ke5 46. Kb2 Rg7 47. b4 Rb7 48. Kb3 c4+ 49. Ka4 Ra7+ 50. Kb5 Ra2 51. Rd4 Kd6 52. Kb6 Rb2 53. b5 Rb3 54. Rh4 Rb2 55. Rh6+ Ke5 56. Kc6 Rxd2 57. b6 Ke4 58. Re6+ Kd3 59. Re5 Rb2 60. Rxd5+ Kxe3 61. Rb5 Rh2 62. b7 Rh8 63. Rxf5 Kd3 64. Rf3+ Ke4 65. Rg3 Kf4 66. Rg7 Ke5 67. Rd7 Rh6+ 68. Kc7 1-0

[Event "CAN-op"]
[Site "Edmonton CAN"]
[Date "2000.07.14"]
[Round "8"]
[White "Deimert, Elroy"]
[Black "Bubar, Rob"]
[Result "0-1"]
[WhiteElo "1713"]
[BlackElo "1666"]
[PlyCount "80"]
[GameId "2160767911694912"]
[EventDate "2000.07.08"]
[EventType "swiss"]
[EventRounds "10"]
[EventCountry "CAN"]

1. e4 c5 2. Nf3 Nc6 3. Bc4 e6 4. d4 cxd4 5. Nxd4 Nf6 6. Nc3 d6 7. Nxc6 bxc6 8. e5 Nd5 9. Bxd5 cxd5 10. Bf4 dxe5 11. Bxe5 f6 12. Bg3 Ba6 13. a3 Bc5 14. Qh5+ g6 15. Qf3 Kf7 16. O-O-O Bb7 17. Bh4 Kg7 18. Bg3 Rf8 19. h4 Qe7 20. Qe2 Rad8 21. h5 g5 22. f4 Bxa3 23. h6+ Kh8 24. Nb5 Bxb2+ 25. Kxb2 Qb4+ 26. Kc1 d4 27. Be1 Qa4 28. Nc3 Qa3+ 29. Kb1 dxc3 30. Bxc3 Qxc3 31. Rxd8 Rxd8 32. Rd1 Bd5 33. Rd3 Rb8+ 34. Kc1 Qb2+ 35. Kd2 Bc4 36. Ke3 Qc1+ 37. Kf2 Qxf4+ 38. Qf3 Bxd3 39. Qxf4 gxf4 40. cxd3 a5 0-1

[Event "CAN-op"]
[Site "Edmonton CAN"]
[Date "2000.07.14"]
[Round "8"]
[White "Dewindt, Cor"]
[Black "Birgani, Farokh"]
[Result "0-1"]
[WhiteElo "1573"]
[BlackElo "1685"]
[PlyCount "72"]
[GameId "2160767911694913"]
[EventDate "2000.07.08"]
[EventType "swiss"]
[EventRounds "10"]
[EventCountry "CAN"]

1. b4 e5 2. Bb2 d6 3. a3 Be7 4. e3 f5 5. c4 Nf6 6. d4 Nbd7 7. h3 O-O 8. Nf3 exd4 9. Bxd4 b6 10. Nbd2 Bb7 11. Ng5 Qc8 12. Rg1 Ne4 13. Ne6 Rf7 14. Nxe4 fxe4 15. g4 Nf8 16. Nxf8 Qxf8 17. Ra2 Bh4 18. Rg2 Rd8 19. g5 c5 20. Bc3 Rf3 21. Re2 d5 22. Be5 dxc4 23. Qc2 Ba6 24. Bf4 Rd3 25. Rg4 Qd8 26. Rxh4 c3 27. Bg2 Rd5 28. Bxf3 exf3 29. Qxh7+ Kf7 30. Qc2 fxe2 31. g6+ Kg8 32. Qa2 c2 33. e4 c4 34. exd5 Qxh4 35. Bg3 c1=Q+ 36. Kxe2 Qe4# 0-1

[Event "CAN-op"]
[Site "Edmonton CAN"]
[Date "2000.07.14"]
[Round "8"]
[White "Faust, Steven"]
[Black "Leku, Eset"]
[Result "1-0"]
[WhiteElo "1874"]
[BlackElo "1713"]
[PlyCount "151"]
[GameId "2160767911694914"]
[EventDate "2000.07.08"]
[EventType "swiss"]
[EventRounds "10"]
[EventCountry "CAN"]

1. c4 e5 2. Nc3 f5 3. g3 d6 4. Bg2 Nf6 5. d3 Nbd7 6. Nf3 Be7 7. O-O O-O 8. a3 a5 9. Bd2 c6 10. Qc2 Re8 11. Rad1 Nb6 12. h3 Bd7 13. e4 Qc8 14. Kh2 Be6 15. Ng5 h6 16. Nxe6 Qxe6 17. Be3 Bd8 18. b3 Bc7 19. d4 fxe4 20. Nxe4 Rac8 21. Nxf6+ Qxf6 22. f4 exd4 23. Bxd4 Qf8 24. Rde1 Rxe1 25. Rxe1 Re8 26. Be4 Kh8 27. Re2 Nd7 28. Bd3 Rxe2+ 29. Qxe2 Bd8 30. Qe4 Qg8 31. g4 Nf8 32. Bc3 Qe6 33. Qf3 d5 34. Bf5 Qf7 35. cxd5 Qxd5 36. Qxd5 cxd5 37. Bc8 b6 38. Bd4 Kg8 39. f5 Nh7 40. Bb7 Nf6 41. Kg2 Kf7 42. Kf3 Bc7 43. h4 g5 44. hxg5 hxg5 45. Be3 Nh7 46. Bxd5+ Kf6 47. Bd4+ Ke7 48. a4 Nf6 49. Be6 Ne8 50. Bc4 Nf6 51. Be3 Nh7 52. Bg8 Nf6 53. Bxg5 Be5 54. Be6 Bd6 55. Bf4 Bc5 56. Be5 Nh7 57. Bc4 Bg1 58. Bg3 Bc5 59. Bh4+ Nf6 60. g5 Ne8 61. g6+ Kf8 62. f6 Bd4 63. g7+ Nxg7 64. fxg7+ Kxg7 65. Ke4 Bc5 66. Kd5 Kf8 67. Kc6 Ke8 68. Bg3 Kd8 69. Bc7+ Kc8 70. Bxb6 Bxb6 71. Kxb6 Kd7 72. Kxa5 Kc7 73. b4 Kb7 74. Bd5+ Ka7 75. b5 Kb8 76. b6 1-0

[Event "CAN-op"]
[Site "Edmonton CAN"]
[Date "2000.07.14"]
[Round "8"]
[White "Gibson, Vince"]
[Black "Hansen, Steve"]
[Result "0-1"]
[WhiteElo "1446"]
[BlackElo "1781"]
[PlyCount "130"]
[GameId "2160767911694915"]
[EventDate "2000.07.08"]
[EventType "swiss"]
[EventRounds "10"]
[EventCountry "CAN"]

1. g3 g6 2. Nf3 Nf6 3. Bg2 Bg7 4. d4 d6 5. O-O O-O 6. Nc3 c6 7. e3 Na6 8. a3 Nc7 9. Rb1 b5 10. Re1 a5 11. e4 b4 12. e5 dxe5 13. dxe5 Ng4 14. Qxd8 Rxd8 15. Na4 Nd5 16. h3 Nh6 17. Nc5 e6 18. Bd2 Nf5 19. g4 Nfe7 20. c4 Nb6 21. axb4 Nxc4 22. Bc3 axb4 23. Bd4 Nd5 24. Ra1 Ndb6 25. b3 Na3 26. Rad1 Nc2 27. Bb2 Nd5 28. Re2 Na3 29. Red2 Ba6 30. Bf1 Bxf1 31. Kxf1 Nb5 32. Nb7 Rd7 33. Nc5 Rda7 34. Ne4 Ra2 35. Bd4 Rxd2 36. Rxd2 Nbc3 37. Rc2 Ra1+ 38. Kg2 Nf4+ 39. Kg3 Nce2+ 40. Kh2 Nxd4 41. Nxd4 Bxe5 42. Nxc6 Nd3+ 43. Nxe5 Nxe5 44. Nf6+ Kg7 45. Ne8+ Kf8 46. Rc8 Ke7 47. Ng7 Nf3+ 48. Kg2 Nd4 49. Rc7+ Kf8 50. Rc4 Rd1 51. Rxb4 Kxg7 52. Rb8 Rb1 53. b4 Nc6 54. Rb6 Nxb4 55. f3 Rb2+ 56. Kg3 Nd3 57. Rxb2 Nxb2 58. g5 Nc4 59. Kf4 f6 60. h4 fxg5+ 61. hxg5 h5 62. gxh6+ Kxh6 63. Kg3 Kg5 64. f4+ Kf5 65. Kf3 Nb6 0-1

[Event "CAN-op"]
[Site "Edmonton CAN"]
[Date "2000.07.14"]
[Round "8"]
[White "Gillanders, Robert"]
[Black "Kuczaj, Chris"]
[Result "1-0"]
[WhiteElo "1871"]
[BlackElo "2072"]
[PlyCount "29"]
[GameId "2160767911694916"]
[EventDate "2000.07.08"]
[EventType "swiss"]
[EventRounds "10"]
[EventCountry "CAN"]

1. d4 Nf6 2. c4 g6 3. Nc3 Bg7 4. e4 O-O 5. e5 Ne8 6. f4 d6 7. Nf3 c5 8. dxc5 Qa5 9. cxd6 exd6 10. Qd5 Qb6 11. Qb5 Qd8 12. Be3 Nc6 13. Rd1 Bd7 14. Qd5 Nc7 15. Qxd6 1-0

[Event "CAN-op"]
[Site "Edmonton CAN"]
[Date "2000.07.14"]
[Round "8"]
[White "Goude, Brian"]
[Black "Li, Zhuoran"]
[Result "1-0"]
[WhiteElo "1868"]
[BlackElo "1473"]
[PlyCount "43"]
[GameId "2160767911694917"]
[EventDate "2000.07.08"]
[EventType "swiss"]
[EventRounds "10"]
[EventCountry "CAN"]

1. e4 e5 2. Nf3 Nc6 3. Bc4 Nf6 4. Ng5 d5 5. exd5 Na5 6. Bb5+ c6 7. dxc6 Nxc6 8. Bc4 Nd5 9. Nxf7 Kxf7 10. Qf3+ Ke6 11. Nc3 Nce7 12. d4 b5 13. Nxb5 Ba6 14. Qe4 Nc6 15. Bxd5+ Kf6 16. Bxc6 Bxb5 17. dxe5+ Ke6 18. Bxa8 Be7 19. Qg4+ Kxe5 20. Bf4+ Kf6 21. Qg5+ Kf7 22. Qd5+ 1-0

[Event "CAN-op"]
[Site "Edmonton CAN"]
[Date "2000.07.14"]
[Round "8"]
[White "Goutor, Evgeni"]
[Black "Gomes, Alan"]
[Result "0-1"]
[WhiteElo "1702"]
[BlackElo "1946"]
[PlyCount "136"]
[GameId "2160767911694918"]
[EventDate "2000.07.08"]
[EventType "swiss"]
[EventRounds "10"]
[EventCountry "CAN"]

1. e4 e5 2. Nf3 Nc6 3. Bc4 d6 4. h3 Be6 5. Bxe6 fxe6 6. O-O Be7 7. c3 Nf6 8. Qe2 Qd7 9. d4 exd4 10. cxd4 O-O-O 11. a4 d5 12. e5 Ne4 13. Nc3 Nxc3 14. bxc3 Na5 15. Qb5 b6 16. Ng5 Bxg5 17. Bxg5 Rdf8 18. Rfb1 Qxb5 19. axb5 Kb7 20. Ra2 Rf7 21. f3 h6 22. Bc1 c6 23. bxc6+ Kxc6 24. Bd2 Nc4 25. Be1 a5 26. Kf2 Rhf8 27. Ke2 g5 28. Bg3 h5 29. Raa1 b5 30. h4 Rg8 31. Rg1 g4 32. f4 a4 33. Rgb1 Na5 34. Rf1 Nb3 35. Ra3 Rgf8 36. Kd3 Kb6 37. Rb1 Rc7 38. Rf1 Rcf7 39. Rb1 Rc8 40. Rb2 Rc4 41. Rc2 Rfc7 42. Be1 Kb7 43. Rb2 Kc8 44. g3 Nc1+ 45. Ke3 Nb3 46. Kd3 Kd8 47. Rf2 Rf7 48. Rb2 Ke8 49. Rb1 Rfc7 50. Rb2 Kf7 51. Rb1 Kg6 52. Rb2 Kf5 53. Rb1 Rb7 54. Rb2 Nc1+ 55. Ke3 Nb3 56. Kd3 Na5 57. Rb1 Nc6 58. Rb2 Rb6 59. Rb1 Na7 60. Rb2 Ra6 61. Rb1 Ra5 62. Rb4 Rc8 63. Rb2 Rb8 64. Rb1 Nc6 65. Rb2 Raa8 66. Rb1 Na5 67. Rb4 Nb3 68. Ra2 Nc1+ 0-1

[Event "CAN-op"]
[Site "Edmonton CAN"]
[Date "2000.07.14"]
[Round "8"]
[White "Goutor, Yaroslav"]
[Black "Martinson, Rick"]
[Result "0-1"]
[WhiteElo "1493"]
[BlackElo "1750"]
[PlyCount "86"]
[GameId "2160767911694919"]
[EventDate "2000.07.08"]
[EventType "swiss"]
[EventRounds "10"]
[EventCountry "CAN"]

1. e4 c5 2. Nf3 d6 3. d4 cxd4 4. Nxd4 Nf6 5. Nc3 a6 6. Bc4 e6 7. O-O Be7 8. f4 Nxe4 9. Nxe4 d5 10. Bxd5 exd5 11. Nc3 Nc6 12. Nb3 d4 13. Ne2 d3 14. Qxd3 Qxd3 15. cxd3 Bf5 16. d4 Rd8 17. Ng3 Bd3 18. Rd1 Bc2 19. Re1 Bxb3 20. axb3 Nxd4 21. Rb1 Nxb3 22. Nf5 Rd7 23. Nxg7+ Kf8 24. Nf5 Bb4 25. Re2 Rd1+ 26. Kf2 Rxc1 27. Rxc1 Nxc1 28. Rc2 Nd3+ 29. Ke2 Nc5 30. Rc4 a5 31. Ne3 Kg7 32. Nd5 Re8+ 33. Kf3 Na6 34. f5 Re5 35. f6+ Kh6 36. Ne3 Kg6 37. h4 h5 38. g4 Bc5 39. gxh5+ Kxh5 40. Ng2 Rf5+ 41. Nf4+ Kxh4 42. Rc1 Kg5 43. Rh1 Rxf4+ 0-1

[Event "CAN-op"]
[Site "Edmonton CAN"]
[Date "2000.07.14"]
[Round "8"]
[White "Grumic, Sasha"]
[Black "Hinds, Ronald"]
[Result "1-0"]
[WhiteElo "2233"]
[BlackElo "2049"]
[PlyCount "99"]
[GameId "2160767911694920"]
[EventDate "2000.07.08"]
[EventType "swiss"]
[EventRounds "10"]
[EventCountry "CAN"]

1. e4 c5 2. b4 cxb4 3. a3 d5 4. e5 Nc6 5. f4 Bf5 6. Nf3 d4 7. axb4 e6 8. b5 Nb4 9. d3 Bc5 10. Ra4 Ne7 11. Bd2 a5 12. bxa6 Nec6 13. Na3 Rxa6 14. Rxa6 Nxa6 15. Qa1 O-O 16. Be2 Qe7 17. Nb5 Nab4 18. Bd1 Rd8 19. Qa4 Qf8 20. Qb3 Na5 21. Qb1 Nac6 22. O-O h6 23. Nh4 Bh7 24. Kh1 Qe7 25. Nf3 Nd5 26. Be2 Nc7 27. Nxc7 Qxc7 28. Qe1 Ne7 29. Qg3 Ba3 30. Bd1 Nf5 31. Qh3 Bf8 32. Nh4 Ne7 33. g4 Ra8 34. Nf3 Qc6 35. Kg1 Qd5 36. Qg3 Ra6 37. h4 b5 38. h5 Kh8 39. Bb4 Nf5 40. gxf5 Bxb4 41. f6 Bf8 42. Kh2 Ra8 43. Rg1 gxf6 44. Qh4 Bg7 45. exf6 Bf8 46. Ne5 Ra7 47. Bf3 Qc5 48. Rg2 Qc7 49. Be4 Bg8 50. Qg3 1-0

[Event "CAN-op"]
[Site "Edmonton CAN"]
[Date "2000.07.14"]
[Round "8"]
[White "Hacatoglu, Kevork"]
[Black "Hughey, Micah"]
[Result "1/2-1/2"]
[WhiteElo "2209"]
[BlackElo "2082"]
[PlyCount "75"]
[GameId "2160767911694921"]
[EventDate "2000.07.08"]
[EventType "swiss"]
[EventRounds "10"]
[EventCountry "CAN"]

1. e4 e5 2. Nf3 Nc6 3. Bc4 Nf6 4. d4 exd4 5. O-O Nxe4 6. Re1 d5 7. Bxd5 Qxd5 8. Nc3 Qa5 9. Nxe4 Be6 10. Neg5 O-O-O 11. Nxe6 fxe6 12. Rxe6 Bd6 13. Bg5 Rde8 14. Qe1 Qxe1+ 15. Raxe1 Rxe6 16. Rxe6 Kd7 17. Re4 Re8 18. Rxe8 Kxe8 19. Kf1 Kf7 20. Bd2 h6 21. Ke2 Ke6 22. Kd3 Kd5 23. Nxd4 Nxd4 24. c4+ Ke6 25. Kxd4 Be5+ 26. Ke4 Bxb2 27. f4 a6 28. g4 b5 29. f5+ Kd7 30. cxb5 axb5 31. h4 c5 32. g5 hxg5 33. hxg5 c4 34. Bb4 Ke8 35. g6 Bf6 36. Bd6 Kd7 37. Bc5 Ke8 38. Bd6 1/2-1/2

[Event "CAN-op"]
[Site "Edmonton CAN"]
[Date "2000.07.14"]
[Round "8"]
[White "Haessel, Dale"]
[Black "Ottosen, David"]
[Result "1-0"]
[WhiteElo "2172"]
[BlackElo "2099"]
[PlyCount "99"]
[GameId "2160767911694922"]
[EventDate "2000.07.08"]
[EventType "swiss"]
[EventRounds "10"]
[EventCountry "CAN"]
[SourceTitle "EXT 2002"]
[Source "ChessBase"]
[SourceDate "2001.11.25"]
[SourceVersion "1"]
[SourceVersionDate "2001.11.25"]
[SourceQuality "1"]

1. c4 b6 2. d4 e6 3. Nc3 Bb7 4. e4 Bb4 5. Bd3 f5 6. Qe2 fxe4 7. Bxe4 Bxe4 8. Qxe4 Nc6 9. Nf3 Nf6 10. Qd3 O-O 11. O-O Qc8 12. a3 Be7 13. d5 Nd8 14. Re1 Re8 15. Bg5 d6 16. Ne4 Nxe4 17. Qxe4 e5 18. Bxe7 Rxe7 19. Ng5 g6 20. Re3 Qf5 21. Qh4 Qf8 22. Rae1 h6 23. Rh3 Nf7 24. Ne6 Rxe6 25. dxe6 Ng5 26. Rg3 Re8 27. Qg4 Qf6 28. h4 Nxe6 29. Qxg6+ Qxg6 30. Rxg6+ Kf7 31. Rxh6 Kg7 32. Rxe6 Rxe6 33. f3 Rh6 34. g3 Kf6 35. Kg2 Kf5 36. g4+ Ke6 37. Kg3 Rf6 38. g5 Rf8 39. Re4 Kf5 40. Rg4 Rg8 41. Kf2 c6 42. b4 d5 43. b5 d4 44. bxc6 Kg6 45. h5+ Kxh5 46. g6 e4 47. g7 e3+ 48. Ke2 Kh6 49. c7 Kh7 50. Rh4+ 1-0

[Event "CAN-op"]
[Site "Edmonton CAN"]
[Date "2000.07.14"]
[Round "8"]
[White "Hangartner, August"]
[Black "McMaster, Carolyn"]
[Result "1-0"]
[WhiteElo "1896"]
[BlackElo "1569"]
[PlyCount "82"]
[GameId "2160767911694924"]
[EventDate "2000.07.08"]
[EventType "swiss"]
[EventRounds "10"]
[EventCountry "CAN"]

1. d4 Nf6 2. c4 g6 3. Nc3 d5 4. Bf4 Bg7 5. e3 O-O 6. cxd5 Nh5 7. Bg5 a6 8. a4 Nd7 9. Bc4 Nb6 10. Bb3 Nf6 11. e4 c6 12. dxc6 bxc6 13. Nge2 Bb7 14. O-O Nc8 15. Qc2 Qd7 16. f3 h6 17. Be3 e6 18. a5 Nh7 19. Na4 Kh8 20. Nc5 Qe7 21. Qd2 Nd6 22. Bxh6 f5 23. Bxg7+ Kxg7 24. Nxe6+ Kh8 25. Nxf8 Qxf8 26. Rac1 Nf7 27. Qc3 Nhg5 28. d5+ Kh7 29. dxc6 Bc8 30. Qf6 Rb8 31. Bd5 Rb4 32. h4 Nh3+ 33. gxh3 fxe4 34. fxe4 Kh6 35. Qxf7 Qd6 36. Qf8+ Qxf8 37. Rxf8 Rxb2 38. Rxc8 Rxe2 39. c7 Re3 40. Rh8+ Kg7 41. c8=Q g5 1-0

[Event "CAN-op"]
[Site "Edmonton CAN"]
[Date "2000.07.14"]
[Round "8"]
[White "Haynes, Nicolas"]
[Black "Tuason, Alfred"]
[Result "1-0"]
[WhiteElo "1795"]
[BlackElo "1558"]
[PlyCount "81"]
[GameId "2160767911694925"]
[EventDate "2000.07.08"]
[EventType "swiss"]
[EventRounds "10"]
[EventCountry "CAN"]

1. e4 g6 2. d4 d6 3. Nc3 Bg7 4. f4 f5 5. e5 dxe5 6. fxe5 e6 7. Nf3 Nc6 8. Bg5 Qd7 9. h4 h6 10. Bf4 Nge7 11. a4 Nd5 12. Nxd5 Qxd5 13. Bd3 Nb4 14. c4 Nxd3+ 15. Qxd3 Qe4+ 16. Qxe4 fxe4 17. Nd2 O-O 18. O-O b6 19. Nxe4 Bb7 20. Nc3 a6 21. d5 Rad8 22. Rae1 Kh7 23. Bg3 Rxf1+ 24. Kxf1 Bc8 25. d6 cxd6 26. exd6 Re8 27. a5 bxa5 28. Na4 Bd4 29. Nc3 Rf8+ 30. Ke2 Rd8 31. Kd3 Bc5 32. Ne4 Bb4 33. Rf1 Kg8 34. Rf6 Kh7 35. c5 Kg7 36. Be5 Bd7 37. Rxe6+ Kf8 38. Rxg6 Bb5+ 39. Kd4 Be1 40. Rxh6 Re8 41. Rh8+ 1-0

[Event "CAN-op"]
[Site "Edmonton CAN"]
[Date "2000.07.14"]
[Round "8"]
[White "Kesteris, Imants"]
[Black "Marghetis, Aris"]
[Result "1-0"]
[WhiteElo "1744"]
[BlackElo "2009"]
[PlyCount "71"]
[GameId "2160767911694926"]
[EventDate "2000.07.08"]
[EventType "swiss"]
[EventRounds "10"]
[EventCountry "CAN"]

1. e4 g6 2. d4 Bg7 3. Nf3 d6 4. Bc4 Nf6 5. e5 dxe5 6. Nxe5 O-O 7. O-O Nbd7 8. f4 c6 9. c3 Nd5 10. Qf3 N7b6 11. Bb3 Be6 12. Nd2 Nc7 13. Ne4 f6 14. Nd3 Bxb3 15. axb3 e5 16. dxe5 fxe5 17. Ndc5 exf4 18. Bxf4 Be5 19. Qg3 Bxf4 20. Rxf4 Rxf4 21. Qxf4 Nbd5 22. Qe5 b6 23. Ne6 Nxe6 24. Qxe6+ Kh8 25. Qxc6 Ne3 26. Nd6 Qf8 27. Re1 Rd8 28. Nc4 Rd1 29. Rxd1 Nxd1 30. Qf3 Qxf3 31. gxf3 b5 32. Nd6 a6 33. c4 Nxb2 34. c5 a5 35. c6 a4 36. c7 1-0

[Event "CAN-op"]
[Site "Edmonton CAN"]
[Date "2000.07.14"]
[Round "8"]
[White "Kleist, Carol"]
[Black "Climenhaga, Harold"]
[Result "1-0"]
[WhiteElo "1607"]
[BlackElo "1938"]
[PlyCount "51"]
[GameId "2160767911694927"]
[EventDate "2000.07.08"]
[EventType "swiss"]
[EventRounds "10"]
[EventCountry "CAN"]

1. d4 Nf6 2. c4 e6 3. Nc3 Bb4 4. Bg5 O-O 5. Rc1 d5 6. e3 Nbd7 7. cxd5 exd5 8. Bd3 c6 9. Nge2 Re8 10. O-O Nf8 11. a3 Be7 12. Qc2 Bg4 13. f3 Bh5 14. Bh4 Bg6 15. e4 dxe4 16. fxe4 Ng4 17. Bxe7 Rxe7 18. Rf3 Ne6 19. d5 Nc5 20. Nf4 Nxd3 21. Nxd3 cxd5 22. Nxd5 Rd7 23. Qe2 Bxe4 24. Qxe4 Rxd5 25. Qxg4 Rxd3 26. Rxd3 1-0

[Event "CAN-op"]
[Site "Edmonton CAN"]
[Date "2000.07.14"]
[Round "8"]
[White "Langlois, Paul"]
[Black "Kazakevich, Alexander"]
[Result "0-1"]
[WhiteElo "1537"]
[BlackElo "1752"]
[PlyCount "38"]
[GameId "2160767911694928"]
[EventDate "2000.07.08"]
[EventType "swiss"]
[EventRounds "10"]
[EventCountry "CAN"]

1. f4 d5 2. Nf3 Nf6 3. d3 Bf5 4. Nbd2 e6 5. Ne5 Nbd7 6. Ndf3 c5 7. c4 Qc7 8. Qa4 Bd6 9. cxd5 exd5 10. g3 O-O 11. Bg2 Nxe5 12. fxe5 Bxe5 13. Nxe5 Qxe5 14. Qf4 Qe6 15. h3 Bxd3 16. Qe3 Be4 17. Bxe4 Nxe4 18. O-O Qxh3 19. Qf3 Nxg3 0-1

[Event "CAN-op"]
[Site "Edmonton CAN"]
[Date "2000.07.14"]
[Round "8"]
[White "Lee, Jason"]
[Black "Kaptsan, Aron"]
[Result "0-1"]
[WhiteElo "1958"]
[BlackElo "2073"]
[PlyCount "66"]
[GameId "2160767911694929"]
[EventDate "2000.07.08"]
[EventType "swiss"]
[EventRounds "10"]
[EventCountry "CAN"]

1. d4 d5 2. c4 dxc4 3. e4 g6 4. Bxc4 Bg7 5. Ne2 Nf6 6. f3 Nfd7 7. O-O O-O 8. Be3 Nb6 9. Bb3 a5 10. Nbc3 Bd7 11. a3 a4 12. Ba2 Nc6 13. Qd2 Na5 14. Qd3 c6 15. Rad1 Qc7 16. f4 Rad8 17. f5 gxf5 18. exf5 Bc8 19. Bf4 Qd7 20. Qg3 Kh8 21. Bc7 Nac4 22. Bxd8 Qxd8 23. b3 axb3 24. Bxb3 Qd6 25. Qxd6 exd6 26. Rd3 d5 27. Na4 Nxa4 28. Bxa4 Nb2 29. Bc2 Nxd3 30. Bxd3 Bf6 31. a4 Re8 32. Rf3 Bd7 33. Bc2 Rxe2 0-1

[Event "CAN-op"]
[Site "Edmonton CAN"]
[Date "2000.07.14"]
[Round "8"]
[White "Lipnowski, Irwin"]
[Black "Stanford, Mike"]
[Result "0-1"]
[WhiteElo "2349"]
[BlackElo "2124"]
[PlyCount "73"]
[GameId "2160767911694930"]
[EventDate "2000.07.08"]
[EventType "swiss"]
[EventRounds "10"]
[EventCountry "CAN"]

1. c4 Nf6 2. g3 g6 3. Bg2 Bg7 4. Nc3 c5 5. e3 O-O 6. Nge2 Nc6 7. O-O d6 8. b3 e5 9. Bb2 Ne8 10. Nd5 f5 11. f4 Nc7 12. d3 Rb8 13. Qd2 Ne6 14. a3 b6 15. b4 Bb7 16. Bc3 Re8 17. Qb2 Nf8 18. Rae1 Ne7 19. e4 Nxd5 20. cxd5 cxb4 21. axb4 fxe4 22. dxe4 Nd7 23. Qa3 a6 24. Bh3 b5 25. Be6+ Kh8 26. Bxd7 Qxd7 27. fxe5 Bxe5 28. Bxe5+ Rxe5 29. Nf4 Ree8 30. Ne6 Qe7 31. Qc3+ Kg8 32. Rf6 Bc8 33. Ref1 Bxe6 34. dxe6 Rbc8 35. Qd4 Rc4 36. Qd5 Rxb4 37. Rf7 0-1